=LDR 00000nam 2200000 4500 =001 INLIS000000000001319 =005 20130612085725 =008 ***********************************Ind** =035 ##$$0010-061300000001319 =041 ##$$a Ind =082 ##$$a 028.5 =090 ##$$a 028.5, Rak-z =100 ##$$a RAKHMAT, Jalaluddin =245 ##$$a Zainab Al-Kubra, Jalaluddin Rakhmat =260 ##$$a 1997 $b Bandung =300 ##$$a 35 hlm, ilus, 28 cm =650 ##$$a Bacaan Anak dan Remaja =850 ##$$a NBPNMAT